Thực hành tế bào học

Hướng dẫn các thao tác chi tiết: bóc, tước, cắt mỏng, rửa, định hình, phản ứng hiện màu... sử dụng kinh nghiệm hiển vi, tự làm thực hành tế bào học, làm tiêu bản quan sát mô tả, làm phản ứng hoá học và vẽ hình...

Popoln opis

Shranjeno v:
Bibliografske podrobnosti
Glavni avtor: Thái Duy Ninh
Format: Knjiga
Izdano: H. Đại học Sư phạm 2010
Izdaja:Tái bản lần thứ 1
Teme:
Oznake: Označite
Brez oznak, prvi označite!
Thư viện lưu trữ: Trung tâm Học liệu Lê Vũ Hùng, Trường Đại học Đồng Tháp
LEADER 01269pam a22002898a 4500
001 00026701
005 20171026081025.0
008 110816s2010 |||||| sd
020 |c 10000 
041 0 # |a 571.6 
082 1 4 |a 571.6  |b TH552H 
100 1 # |a Thái Duy Ninh 
245 1 0 |a Thực hành tế bào học  |c Thái Duy Ninh (ch.b.), Phạm Gia Ngân 
250 # # |a Tái bản lần thứ 1 
260 # # |a H.  |b Đại học Sư phạm  |c 2010 
300 # # |a 72 tr.  |b hình vẽ  |c 21 cm. 
520 3 # |a Hướng dẫn các thao tác chi tiết: bóc, tước, cắt mỏng, rửa, định hình, phản ứng hiện màu... sử dụng kinh nghiệm hiển vi, tự làm thực hành tế bào học, làm tiêu bản quan sát mô tả, làm phản ứng hoá học và vẽ hình 
650 # 4 |a Giáo trình 
650 # 4 |a Sinh vật 
650 # 4 |a Thực hành 
650 # 4 |a Tế bào học 
852 # # |b Kho giáo trình  |j KGT.0031858, KGT.0031859 
852 # # |b Kho mượn  |j KGT.0031858 
852 # # |b Kho đọc  |j KD.0010777 
852 # # |j KGT.0031859  |j KD.0010777  |j KGT.0031858 
910 |d 16/08/2011 
980 # # |a Trung tâm Học liệu Lê Vũ Hùng, Trường Đại học Đồng Tháp